| 000 | 00371nam a22001457a 4500 | ||
|---|---|---|---|
| 999 |
_c7721 _d7721 |
||
| 003 | GBCCL | ||
| 005 | 20241126110635.0 | ||
| 008 | 180913b ||||| |||| 00| 0 eng d | ||
| 040 | _cgbc | ||
| 082 |
_aSOU KUM _b2012 |
||
| 245 |
_aKumtawn suangpi: _bEBCC Delhi 20th anniversary souvenir 1192-2012 |
||
| 260 |
_aDelhi: _bEBCC, _c2012. |
||
| 300 | _a120p. ; | ||
| 942 |
_2ddc _cARCH |
||